Lectures on ethics

সংরক্ষণ করুন:
গ্রন্থ-পঞ্জীর বিবরন
প্রধান লেখক: Kant, Immanuel
বিন্যাস: গ্রন্থ
ভাষা:Undetermined
প্রকাশিত: New York Harper & Row 1963
বিষয়গুলি:
ট্যাগগুলো: ট্যাগ যুক্ত করুন
কোনো ট্যাগ নেই, প্রথমজন হিসাবে ট্যাগ করুন!
Thư viện lưu trữ: Trung tâm Học liệu Trường Đại học Cần Thơ
LEADER 00530nam a2200181Ia 4500
001 CTU_90251
008 210402s9999 xx 000 0 und d
082 |a 171 
082 |b K16 
100 |a Kant, Immanuel 
245 0 |a Lectures on ethics 
245 0 |c Immanuel Kant; Translated by Louis Infield. Foreword to the Torchbook ed. by Lewis White Beck. 
260 |a New York 
260 |b Harper & Row 
260 |c 1963 
650 |a Ethics 
904 |i Nguyên,Hải 
980 |a Trung tâm Học liệu Trường Đại học Cần Thơ